书目信息 |
| 题名: |
六级真题一笑而过
|
|
| 作者: | 周思成 主编 | |
| 分册: | ||
| 出版信息: | 北京 机械工业出版社 2014 |
|
| 页数: | 102页, [4] 页图版 | |
| 开本: | 26cm | |
| 丛书名: | 思思大王讲英语 | |
| 单 册: | ||
| 中图分类: | H310.421-44 , H310.421-44 | |
| 科图分类: | ||
| 主题词: | 大学英语水平考试--da xue ying yu shui ping kao shi--试题 | |
| 电子资源: | ||
| ISBN: | 978-7-111-45873-9 | |
| 000 | 01103nam 2200265 450 | |
| 001 | 340401 | |
| 005 | 20150625151722.81 | |
| 010 | @a978-7-111-45873-9@dCNY49.80 | |
| 100 | @a20140514d2014 em y0chiy50 ea | |
| 101 | 0 | @achi@aeng |
| 102 | @aCN@b110000 | |
| 105 | @aafk q 000yy | |
| 106 | @ar | |
| 200 | 1 | @a六级真题一笑而过@Aliu ji zhen ti yi xiao er guo@f周思成主编 |
| 210 | @a北京@c机械工业出版社@d2014 | |
| 215 | @a102页, [4] 页图版@c图@d26cm | |
| 225 | 2 | @a思思大王讲英语@Asi si da wang jiang ying yu |
| 330 | @a本书包括10套最近5年六级考试真题, 3套新题型预测试题, 听力、翻译、阅读和写作的分项讲解技巧 ; 试题解析和命题设置均由名师精心编写而成, 明示设题难点, 详析考试重点 ; 听力部分由资深外教录音, 优美地道, 听力原文均在答案解析中精准呈现, 真题阅读文章均有全文翻译, 高频词汇和短语均带释义, 巩固词汇量。 | |
| 410 | 0 | @12001 @a思思大王讲英语 |
| 606 | 0 | @a大学英语水平考试@Ada xue ying yu shui ping kao shi@j试题 |
| 690 | @aH310.421-44@v5 | |
| 690 | @aH310.421-44@v5 | |
| 701 | 0 | @a周思成@Azhou si cheng@4主编 |
| 801 | 0 | @aCN@b卓展宏图@c20150525 |
| 905 | @dH310.421-44@e1593@f4 | |
| 六级真题一笑而过/周思成主编.-北京:机械工业出版社,2014 |
| 102页, [4] 页图版:图;26cm.-(思思大王讲英语) |
| ISBN 978-7-111-45873-9:CNY49.80 |
| 本书包括10套最近5年六级考试真题, 3套新题型预测试题, 听力、翻译、阅读和写作的分项讲解技巧 ; 试题解析和命题设置均由名师精心编写而成, 明示设题难点, 详析考试重点 ; 听力部分由资深外教录音, 优美地道, 听力原文均在答案解析中精准呈现, 真题阅读文章均有全文翻译, 高频词汇和短语均带释义, 巩固词汇量。 |
| ● |
| 相关链接 |
|
|
|
|
正题名:六级真题一笑而过
索取号:H310.421-44/1593
 
预约/预借
| 序号 | 登录号 | 条形码 | 馆藏地/架位号 | 状态 | 备注 |
| 1 | 865525 | 208655258 | 第二样本阅览室/ [索取号:H310.421-44/1593] | 在馆 | |
| 2 | 865526 | 208655267 | 第四借阅区/ [索取号:H310.421-44/1593] | 在馆 | |
| 3 | 865527 | 208655276 | 第四借阅区/ [索取号:H310.421-44/1593] | 在馆 | |
| 4 | 865528 | 208655285 | 第四借阅区/ [索取号:H310.421-44/1593] | 在馆 |